Iconic Album Covers: Pop - Statistics

General Stats
  • This quiz has been taken 60 times
    21 since last reset
  • The average score is 13 of 34
Answer Stats
Picture Answer % Correct
1989
78%
25
78%
Lemonade
72%
Thriller
72%
Back to Black
61%
Bad
61%
Divide
61%
Midnights
61%
Purple Rain
61%
Born This Way
56%
Happier Than Ever
56%
Teenage Dream
56%
Future Nostalgia
50%
Lover
50%
Anti
44%
Melodrama
44%
...Baby One More Time
39%
Like A Virgin
39%
Thank U, Next
39%
Chromatica
33%
Loud
33%
Dangerously in Love
28%
Let Go
28%
Bangerz
22%
Faith
22%
Jagged Little Pill
22%
Purpose
22%
Blackout
17%
Confessions on the Dancefloor
17%
Whitney
17%
The Velvet Rope
6%
Fever
0%
Missundaztood
0%
The Emancipation of Meme
0%
No matching quizzes found
Score Distribution
Percent of People with Each Score
Percentile by Number Answered
Your Score History
You have not taken this quiz since the last reset